000 00693nas a2200253 4500
001 BR9205668
003 BR-BrBNA
005 20231205092857.0
007 ta
008 230509b bl.|||p| |||| 00| 00por d
040 _aBR-BrBNA
_bpor
_cBiblioteca Nacional de Agricultura
041 _a(Pt)
072 _aH60
100 1 _aDeuber, R.
100 1 _aForster, R.
245 1 _aUso de herbicidas em viveiros de tomate para mudas
650 _aTOMATE
650 _aMUDA
650 _aHERBICIDA
650 _aCONTROLE QUIMICO
773 0 _tRevista de Olericultura (Brazil)
_x
_g(1975), (no. 15) p. 122-124
_wBR9205668
909 _a202311
_bLúcia
_c55
_dLúcia Elande
942 _2AGRIS
_n0
_cANA
999 _c134825
_d134825